000 00462nam a2200145Ia 4500
008 200924s9999 xx 000 0 und d
020 _a978-981-48-6635-4
100 _aHall, James A.
245 _cJames A. Hall
_aAccounting information systems/
250 _a10th ed.
260 _aSingapore:
_bCENGAGE
_c2019
300 _axxv, 725 pages
_c25 cm.
650 _aAccounting -- data processing
650 _aInformation storage and retrieval systems -- accounting
999 _c364472
_d364472